000 01055nam a2200241 u 4500
001 000816243
003 AM-YeHGA
005 20250617144511.0
008 110613s1983 ||||||||r|||||000|0|rus|d
040 _aAM-YeHGA
041 0 _arus
100 1 _aБейсембаева, Роза Ултубаевна.
245 1 0 _aГаптоглобин /
_cР.У. Бейсембаева ; Институт экспериментальной биологии АН КазССР.
260 _aАлма-Ата :
_bНаука КазССР,
_c1983.
300 _a128 с. :
_bрис., табл. ;
_c19 см.
504 _aБиблиогр.: с. 110-125
650 1 4 _aГаптоглобины
_xКлассификация
_xУльтраструктура
_xМетаболизм
650 1 4 _aC-реактивный белок
650 1 4 _aБиохимические феномены
650 1 4 _aФизиологические процессы
710 2 _aИнститут экспериментальной биологии АН КазССР
090 _c296959
999 _c295269
_d295269